000 00225 a2200097 4500
001 57845
100 _a
245 _aTextbook of modern european history 1643-1848
260 _aLondon
_bJ M Dent
_c2008
090 _c35474
_d35474
942 _aNUST-CAE
_c
_c28307
999 _c292918
_d292918